000 00815nam a22002657a 4500
003 OSt
005 20210426114909.0
008 210128s1968 ||||| |||| 00| 0 eng d
020 _a0804706344 paper
020 _a0804706336 cloth
040 _aeng
_beng
_cDLC
041 _aeng
_hger
080 _a94
_bE-55
100 _9711
_aEngels, Friedrich
245 _aThe Condition of the Working Class in England
_c/ by: Stanford University Press
260 _aStamford, California
_bStanford University Press
_c1968
300 _a386 p.
_bill.
650 0 _9252
_aHistory
650 0 _9446
_aEconomics
653 _aისტორია
653 _aეკონომიკა
700 _9712
_aHenderson, O., W.
_eTranslator, Editor
700 _9713
_aChaloner, H., W.
_eTranslator, Editor
942 _2udc
_cBK
999 _c1009
_d1009